[Event "Saint John op-2"]
[Site "Saint John"]
[Date "1988.??.??"]
[Round "?"]
[White "Benjamin, Joel"]
[Black "Georgiev, Krum"]
[Result "1/2-1/2"]
[WhiteElo "2565"]
[BlackElo "2490"]

1.d4 Nf6 2.c4 g6 3.Nc3 Bg7 4.e4 d6 5.Be2 O-O 6.Bg5 Nbd7 7.Qd2 e5 8.d5 Nc5
9.f3 h6 10.Be3 a5 11.O-O-O Kh7 12.g4 h5 13.h4 Rh8 14.Bg5 Qe8 15.Nb5 Qd7 16.Bxf6 Bxf6
17.gxh5 Kg7 18.hxg6 fxg6 19.h5 Qe7 20.Kb1 Bg5 21.Qe1 Rxh5 22.Rxh5 gxh5 23.Bf1 Kh6
24.Bh3 a4 25.Qg3 Bxh3 26.Nxh3 Bh4 27.Qg2 Rf8 28.Rg1 Rf6 29.Qd2+ Kh7 30.Ng5+ Bxg5
31.Qxg5 Qf7 32.Rh1 Rh6 33.Nxc7 Qxc7 34.Qf5+ Kh8 35.Qf8+ Kh7 36.Qf5+ Kh8 37.Qf8+  1/2-1/2

[Event "Saint John op-2"]
[Site "Saint John"]
[Date "1988.??.??"]
[Round "?"]
[White "Benjamin, Joel"]
[Black "Andonov, Bogomil"]
[Result "1-0"]
[WhiteElo "2565"]
[BlackElo "2420"]

1.Nf3 d6 2.d4 Bg4 3.e4 Nf6 4.Nbd2 e6 5.h3 Bh5 6.Bd3 c6 7.c3 d5 8.O-O Be7
9.exd5 cxd5 10.Qa4+ Nfd7 11.Ne5 O-O 12.Nxd7 Qxd7 13.Qc2 Bg6 14.f4 Bxd3 15.Qxd3 g6
16.Nf3 Na6 17.f5 exf5 18.Bh6 Rfe8 19.Ne5 Qc8 20.g4 Bd6 21.gxf5 Bxe5 22.dxe5 Rxe5
23.Rae1 Qc5+ 24.Kg2 Rae8 25.fxg6 hxg6 26.Qf3 f5 27.Qg3 Re2+ 28.Kh1 Qc6 29.Rxe2 Rxe2
30.Rxf5 Qe6 31.Rf1 Nc5 32.Bg5 Nd7 33.Kg1 Qb6+ 34.Kh1 Qe6 35.Kg1 Qe4 36.h4 Ne5
37.Bf6 Ng4 38.Bd4 Kh7 39.b4 Kh6 40.a4 Rh2 41.Qf4+ Qxf4 42.Rxf4 Rxh4 43.Rf7 Rh2
44.Rxb7 Ra2 45.Rxa7 Kg5 46.b5 Kf4 47.Rf7+ Kg3 48.b6 Ra1+ 49.Rf1 Ra2 50.Rb1 Rg2+
51.Kf1 Rd2 52.Ke1 Rh2 53.Kd1  1-0

[Event "Saint John op-1"]
[Site "Saint John"]
[Date "1988.??.??"]
[Round "?"]
[White "Saidy, Anthony Fred"]
[Black "Benjamin, Joel"]
[Result "0-1"]
[WhiteElo "2415"]
[BlackElo "2565"]

1.c4 e5 2.Nc3 Bb4 3.g3 Bxc3 4.bxc3 d6 5.Bg2 Nc6 6.d3 f5 7.f4 Qf6 8.Qb3 Nge7
9.Nf3 O-O 10.fxe5 dxe5 11.O-O Kh8 12.d4 Ng6 13.d5 Na5 14.Qb4 b6 15.c5 Ba6
16.Rf2 h6 17.Nd2 Rae8 18.Nb3 e4 19.Nxa5 bxa5 20.Qd4 Rd8 21.g4 Ne7 22.Qxf6 Rxf6
23.gxf5 Nxd5 24.Bxe4 Nxc3 25.Bd3 Bxd3 26.exd3 Na4 27.Bf4 Nxc5 28.Be5 Rf7
29.f6 Kh7 30.d4 Ne4 31.Rc2 gxf6 32.Bxc7 Rg7+ 33.Kf1 Rxd4 34.Bxa5 Rd5 35.Be1 Rdg5  0-1

[Event "Saint John op-1"]
[Site "Saint John"]
[Date "1988.??.??"]
[Round "?"]
[White "Rohde, Michael A"]
[Black "Benjamin, Joel"]
[Result "1/2-1/2"]
[WhiteElo "2555"]
[BlackElo "2565"]

1.Nf3 Nf6 2.c4 e6 3.Nc3 Bb4 4.g3 O-O 5.Bg2 d5 6.a3 Be7 7.d4 dxc4 8.Ne5 Nc6
9.Nxc6 bxc6 10.O-O Rb8 11.Qc2 c5  1/2-1/2

[Event "Saint John op-2"]
[Site "Saint John"]
[Date "1988.??.??"]
[Round "?"]
[White "Gallagher, Joseph G"]
[Black "Benjamin, Joel"]
[Result "1/2-1/2"]
[WhiteElo "2480"]
[BlackElo "2565"]

1.e4 c5 2.Nf3 Nc6 3.d4 cxd4 4.Nxd4 Nf6 5.Nc3 d6 6.Bg5 e6 7.Qd2 a6 8.O-O-O h6
9.Be3 Be7 10.f4 Bd7 11.Be2 b5 12.Bf3 Rc8 13.Kb1 Na5 14.g4 b4 15.Nce2 Nc4
16.Qd3 e5 17.Nf5 Bxf5 18.gxf5 Nxe3 19.Qxe3 Qc7 20.Rd2 O-O 21.Nc1 Rfe8 22.Rg2 Kh7
23.Nd3 a5 24.Qf2 Bf8 25.Rhg1 exf4 26.Nxf4 Qc5 27.Qxc5 dxc5 28.Nh5 Nxh5 29.Bxh5 Kg8
30.Bf3 Rcd8 31.Kc1 c4 32.h4 Kh8 33.Rd1 Be7 34.Rxd8 Bxd8 35.Rg4 Bf6 36.c3 bxc3
37.bxc3 Bxc3 38.e5 Bxe5 39.Rxc4 Bf6 40.Rc7 Kg8 41.Bd5 Re1+ 42.Kd2 Re7 43.Rxe7 Bxe7
44.h5  1/2-1/2

[Event "Saint John op-2"]
[Site "Saint John"]
[Date "1988.??.??"]
[Round "?"]
[White "Jussupow, Artur"]
[Black "Benjamin, Joel"]
[Result "1/2-1/2"]
[WhiteElo "2620"]
[BlackElo "2565"]

1.d4 Nf6 2.c4 e6 3.Nf3 b6 4.g3 Ba6 5.b3 Bb7 6.Bg2 Bb4+ 7.Bd2 c5 8.O-O O-O
9.Bxb4 cxb4 10.a3 Na6 11.axb4 Nxb4 12.Nc3 Ne4 13.Qc1 Nxc3 14.Qxc3 a5 15.Ne5  1/2-1/2

[Event "Saint John op-2"]
[Site "Saint John"]
[Date "1988.??.??"]
[Round "?"]
[White "Djuric, Stefan"]
[Black "Benjamin, Joel"]
[Result "0-1"]
[WhiteElo "2475"]
[BlackElo "2565"]

1.Nf3 Nf6 2.c4 e6 3.d4 Bb4+ 4.Bd2 Qe7 5.g3 Nc6 6.Bg2 Bxd2+ 7.Nbxd2 d6 8.O-O O-O
9.e4 e5 10.d5 Nb8 11.b4 a5 12.a3 Na6 13.Nb3 Nxe4 14.Nxa5 f5 15.Qc2 Nac5 16.Nh4 Rxa5
17.f3 Ng5 18.bxa5 f4 19.Rab1 Qf6 20.Rb5 Nf7 21.Rxc5 dxc5 22.Bh1 Bh3 23.Re1 Nd6
24.Qc3 g5 25.Ng2 e4 26.Qxf6 Rxf6 27.Nxf4 gxf4 28.fxe4 f3 29.Kf2 Nxc4 30.e5 Rf5
31.e6 Kf8 32.Rb1 Nxa5 33.Rb5 b6 34.d6 cxd6 35.Rxb6 Ke7 36.Ra6 c4 37.Ra7+ Kxe6
38.Rxh7 Bg2  0-1

[Event "Saint John op-2"]
[Site "Saint John"]
[Date "1988.??.??"]
[Round "?"]
[White "Dizdar, Goran"]
[Black "Benjamin, Joel"]
[Result "1/2-1/2"]
[WhiteElo "2490"]
[BlackElo "2565"]

1.d4 Nf6 2.Nf3 d6 3.g3 Bg4 4.Bg2 c6 5.O-O e6 6.b3 Be7 7.Bb2 O-O 8.Nbd2 Nbd7
9.e4 d5 10.Re1 dxe4 11.Nxe4 Nxe4 12.Rxe4 Nf6 13.Re1 Bb4 14.c3 Bd6 15.Qc1 Bxf3
16.Bxf3 Qe7 17.c4 Rfd8 18.a3 Rac8 19.Bc3 Qf8 20.Qb2 Be7 21.a4 Bb4 22.a5 Bxc3
23.Qxc3 a6 24.Ra2 Rd7 25.Rd1 Rcd8 26.Rad2 Qd6 27.Kf1 h6 28.h4 Qc7 29.Qb4 Qd6
30.Qxd6 Rxd6 31.Ke2 Kf8 32.Rd3 R6d7 33.Ke3 Ke7 34.Be2 Ne8 35.h5 Nd6 36.Kd2 f5
37.Ke3 Kf6 38.f4 Rg8 39.Bf3 g5 40.hxg6 Rxg6 41.Rh1 Rh7 42.Rh3 Rhg7 43.Rd1 Rxg3
44.Rxh6+ Ke7 45.Rdh1 Ne4 46.Rh7 Nf6 47.Rxg7+ Rxg7 48.Rh8 Kd6 49.b4 Rg1 50.Rh1 Rxh1
51.Bxh1 Kc7 52.Bf3 Kd6 53.Kf2 Kc7 54.Kg3 Kd6 55.Kh4 Kd7 56.Kg5 Ke7 57.Kg6 Ne4
58.d5 cxd5 59.cxd5 Kd6 60.dxe6 Kxe6 61.Bg2 Nd6 62.b5 axb5 63.Bxb7 Kd7 64.Bd5 Kc7
65.Be6 Nc4 66.a6 Ne3 67.Bxf5 Kb6 68.Be4 Kxa6 69.Kf6 Kb6  1/2-1/2

[Event "Saint John op-1"]
[Site "Saint John"]
[Date "1988.??.??"]
[Round "?"]
[White "Chernin, Alexander"]
[Black "Benjamin, Joel"]
[Result "1/2-1/2"]
[WhiteElo "2560"]
[BlackElo "2565"]

1.Nf3 d6 2.c4 g6 3.Nc3 Bg7 4.g3 Nf6 5.Bg2 c6 6.d4 Bf5 7.b3 Ne4 8.Bb2 Nxc3
9.Bxc3 Be4 10.O-O O-O 11.Rc1 e6 12.e3 Nd7 13.Bh3 Bxf3 14.Qxf3 d5 15.Qe2 Qe7
16.Rfd1 f5 17.Qe1 Qg5 18.Bg2 Qh5 19.b4 Nf6 20.b5 cxb5 21.cxb5 g5 22.Bb4 Rf7
23.Rc2 Re8 24.Rdc1 Rd7 25.Rc8 h6 26.Rxe8+ Qxe8 27.Qc3 Bf8 28.a4 Bxb4 29.Qxb4 Qd8
30.Rc5 Kf7 31.Qc3 Ne8 32.Qc2  1/2-1/2

[Event "Saint John op-1"]
[Site "Saint John"]
[Date "1988.??.??"]
[Round "?"]
[White "Benjamin, Joel"]
[Black "Eingorn, Vereslav S"]
[Result "1-0"]
[WhiteElo "2565"]
[BlackElo "2570"]

1.e4 e6 2.d3 c5 3.Nf3 Nc6 4.g3 d5 5.Nbd2 g6 6.Bg2 Bg7 7.O-O Nge7 8.Re1 h6
9.h4 b6 10.c3 a5 11.a4 Ba6 12.exd5 exd5 13.Nb3 O-O 14.d4 c4 15.Nbd2 Bc8 16.Nf1 Be6
17.Bf4 Qd7 18.b3 cxb3 19.Qxb3 f6 20.Qxb6 g5 21.hxg5 hxg5 22.Bc1 Rfc8 23.Qb5 Rab8
24.Qe2 Nd8 25.Bxg5 fxg5 26.Nxg5 Rb6 27.Qd3 Qe8 28.Ne3 Qh5 29.f4 Bf7 30.Bf3 Qg6
31.Qxg6 Rxg6 32.Ra3 Rd6 33.Nxf7 Kxf7 34.Rb3 Ne6 35.Kg2 Rcc6 36.Rb7 Nc7 37.Bh5+ Kg8
38.Rb8+ Bf8 39.Ng4 Nf5 40.Re5 Ng7 41.Rg5 Ne6 42.Nf6+ Kh8 43.Rg6 Nxf4+ 44.gxf4 Rxf6
45.Rxf8+ Rxf8 46.Rxc6 Nxh5 47.Rh6+ Kg7 48.Rxh5 Rc8 49.Rxd5 Rxc3 50.Rxa5 Rc4
51.Kf3 Rxd4 52.Kg4  1-0

[Event "Saint John op-1"]
[Site "Saint John"]
[Date "1988.??.??"]
[Round "?"]
[White "Benjamin, Joel"]
[Black "Gulko, Boris F"]
[Result "1/2-1/2"]
[WhiteElo "2565"]
[BlackElo "2595"]

1.e4 e6 2.d4 d5 3.Nc3 Bb4 4.e5 c5 5.a3 Bxc3+ 6.bxc3 Ne7 7.Nf3 b6 8.h4 Ba6
9.Bxa6 Nxa6 10.h5 h6 11.Qd3 Nb8 12.dxc5 bxc5 13.c4 Nbc6 14.O-O O-O 15.Be3 Qa5
16.Rab1 Rfd8 17.Rb5 dxc4 18.Qxc4 Qxa3 19.Rxc5 Rac8 20.Rb1 Rd5 21.Kh2 Rxc5
22.Bxc5 Qa5 23.Rb5 Qd8 24.Bxe7 Nxe7 25.Qb3 Nc6 26.Rc5 Nd4 27.Rxc8 Nxf3+ 28.gxf3 Qxc8
29.Qa4 Qc5 30.Qe4 Qxf2+ 31.Kh3 Qg1 32.f4 a5 33.Qa8+ Kh7 34.Qxa5 Qe3+ 35.Kg4 Qe2+
36.Kg3 Qxc2 37.Qe1 Qd3+ 38.Kg2 Qf5 39.Qh4 Qd3 40.Kf2 Qd1 41.Kg2 Qe2+ 42.Kh1 Qd2
43.Kg1 Qd4+ 44.Kg2 Qd2+ 45.Kg1 Kh8 46.Qg4 Qe3+ 47.Kg2 Kg8 48.Kf1 Kf8 49.Kg2 Ke7
50.Kf1 Ke8 51.Kg2 Kf8 52.Kf1 Kg8 53.Kg2 Qa3 54.Kf2 Qa7+ 55.Kg2 Qa8+ 56.Kg1 Qa7+
57.Kg2 Qb7+ 58.Kg1 Qb6+ 59.Kg2 Qc6+ 60.Kg1 Qb6+ 61.Kg2 Qc6+ 62.Kg1 Qc5+ 63.Kf1 Qc2
64.Qf3 Qf5 65.Kg2 g6 66.hxg6 fxg6 67.Qa8+ Kg7 68.Qa7+ Qf7 69.Qe3 h5 70.Qe4 Kh6
71.Kh3 Qa7 72.Qc4 Qb6 73.Qc8 Qe3+ 74.Kg2 Qe2+ 75.Kg1 Qg4+ 76.Kh1 Qxf4 77.Qxe6 h4
78.Qd5 g5 79.Qe6+ Kh5 80.Qe8+ Kg4 81.Qd7+ Qf5 82.Qd1+ Kf4 83.Qd4+ Kf3 84.Qd1+ Ke4
85.Qe2+ Kd5 86.e6 Qxe6 87.Qd2+  1/2-1/2

[Event "Saint John op-1"]
[Site "Saint John"]
[Date "1988.??.??"]
[Round "?"]
[White "Benjamin, Joel"]
[Black "Wolff, Patrick G"]
[Result "1-0"]
[WhiteElo "2565"]
[BlackElo "2530"]

1.Nf3 g6 2.e4 d6 3.d4 Nf6 4.Nc3 Bg7 5.h3 O-O 6.Be3 c6 7.a4 b6 8.Be2 Qc7 9.e5 dxe5
10.Nxe5 Be6 11.Bf4 Qc8 12.Bf3 Nd5 13.Nxd5 Bxd5 14.Bxd5 cxd5 15.O-O Nd7 16.Re1 Nf6
17.c3 a5 18.Qb3 Qb7 19.Re3 Rfc8 20.Rae1 e6 21.R1e2 Re8 22.Rf3 Ne4 23.Ng4 Re7
24.h4 h5 25.Ne5 Rb8 26.Nc6 Qxc6 27.Bxb8 Rb7 28.Bf4 b5 29.axb5 Rxb5 30.Qc2 Rb7
31.Rd3 Qc4 32.f3 Nc5 33.Rd1 Na4 34.Bc1 Kh7 35.Qd2 Kg8 36.Rde1 Bf6 37.Qf4 Kg7
38.Rxe6 fxe6 39.Rxe6  1-0

[Event "Saint John op-1"]
[Site "Saint John"]
[Date "1988.??.??"]
[Round "?"]
[White "Benjamin, Joel"]
[Black "Shirazi, Kamran G"]
[Result "1-0"]
[WhiteElo "2565"]
[BlackElo "2455"]

1.e4 c5 2.Nf3 Nc6 3.d4 cxd4 4.Nxd4 Nf6 5.Nc3 d6 6.Bg5 e6 7.Qd2 a6 8.O-O-O Bd7
9.Be2 Be7 10.f4 O-O 11.Nf3 Qa5 12.e5 dxe5 13.Bxf6 Bxf6 14.Qxd7 exf4 15.Qd6 Rad8
16.Qxf4 Bxc3 17.bxc3 Qxa2 18.Bd3 Rxd3 19.cxd3 Na5 20.Rde1 Rc8 21.Kd1 Nb3
22.Rhf1 Rd8 23.Nd2 f5 24.Qe3 Na5  1-0

[Event "Thessaloniki ol (Men)"]
[Site "Thessaloniki"]
[Date "1988.??.??"]
[Round "1"]
[White "Amroe, F."]
[Black "Benjamin, Joel"]
[Result "0-1"]
[WhiteElo "2200"]
[BlackElo "2560"]

1.e4 g6 2.d4 Bg7 3.Nc3 d6 4.Nf3 a6 5.a4 Bg4 6.Bc4 e6 7.Be3 Nc6 8.Be2 Nf6
9.O-O O-O 10.Qd2 Re8 11.Rad1 d5 12.Bg5 dxe4 13.Bxf6 Qxf6 14.Nxe4 Qf5 15.Ng3 Qd5
16.Qf4 Bxf3 17.Bxf3 Qd6 18.Qxd6 cxd6 19.Bxc6 bxc6 20.Ne4 Red8 21.Rd3 Rab8
22.b3 Rb4 23.Rfd1 e5 24.c3 Rxb3 25.dxe5 Bxe5 26.f4 Bxf4 27.Nxd6 Be5 28.Ne4 Rxd3
29.Rxd3 Ra3 30.Nc5 a5 31.c4 Ra1+ 32.Kf2 Bxh2 33.Ne4 Bg1+ 34.Kf3 Rxa4 35.g4 h6
36.Rd8+ Kg7 37.c5 Bd4 38.Rd6 Ra3+ 39.Kg2 Be5 40.Rxc6 Re3 41.Nf2 Bd4 42.Nh3 Re5
43.Nf4 Rxc5 44.Ra6 Be5 45.Nd3 Rd5 46.Nf2 Rd2 47.Kf3 Bd4 48.Ne4 Rd3+ 49.Kg2 Re3
50.Ng3 Be5 51.Nf1 Ra3  0-1

[Event "Thessaloniki ol (Men)"]
[Site "Thessaloniki"]
[Date "1988.??.??"]
[Round "5"]
[White "Braga, Cicero"]
[Black "Benjamin, Joel"]
[Result "1/2-1/2"]
[WhiteElo "2340"]
[BlackElo "2560"]

1.Nf3 d6 2.g3 e5 3.Bg2 f5 4.O-O Nf6 5.c4 Be7 6.Nc3 O-O 7.d4 e4 8.Ne1 c6 9.d5 c5
10.f3 exf3 11.exf3 Na6 12.Nd3 Nh5 13.g4 fxg4 14.fxg4 Rxf1+ 15.Bxf1 Nf6 16.h3 Nc7
17.Bg2 Nfe8 18.Be3 Bg5 19.Bf2 Bh4 20.Be3 Bg5 21.Bf2 Bh4 22.Be3 Bg5  1/2-1/2

[Event "Thessaloniki ol (Men)"]
[Site "Thessaloniki"]
[Date "1988.??.??"]
[Round "6"]
[White "Smejkal, Jan"]
[Black "Benjamin, Joel"]
[Result "1/2-1/2"]
[WhiteElo "2515"]
[BlackElo "2560"]

1.Nf3 Nf6 2.c4 d6 3.d4 c6 4.Nc3 Bg4 5.e4 Nbd7 6.Be2 e5 7.Be3 Be7 8.O-O O-O
9.d5 c5 10.Ne1 Bxe2 11.Qxe2 Ne8 12.g3 g6 13.Nd3 Ng7 14.f4 exf4 15.gxf4 Bf6
16.Bd2 Bd4+ 17.Kh1 a6 18.Rae1 Qh4 19.Qg2 Rae8 20.Ne2 Bf6 21.Ng1 Bd8 22.Nf3 Qh5
23.Ng5 f5 24.e5 Bxg5 25.fxg5 Nxe5 26.Nxe5 dxe5 27.Bc3 e4 28.Qg3 f4 29.Rxf4 Rxf4
30.Qxf4 Nf5 31.d6 e3 32.d7 Rd8 33.Qe5 Qf3+ 34.Kg1 Qg4+ 35.Kh1 Qf3+ 36.Kg1 Qg4+
37.Kh1 Qf3+  1/2-1/2

[Event "Thessaloniki ol (Men)"]
[Site "Thessaloniki"]
[Date "1988.??.??"]
[Round "10"]
[White "Benjamin, Joel"]
[Black "Torre, Eugenio"]
[Result "1-0"]
[WhiteElo "2560"]
[BlackElo "2555"]

1.e4 e5 2.Nf3 Nc6 3.Bb5 Nf6 4.O-O Nxe4 5.d4 Nd6 6.Bxc6 dxc6 7.dxe5 Nf5 8.Qxd8+ Kxd8
9.b3 h6 10.Bb2 Be6 11.c4 a5 12.Nc3 Bb4 13.Ne2 Bc5 14.h3 g5 15.Nc3 Kc8 16.Ne4 Ba7
17.Rad1 a4 18.Bc3 Bb6 19.Rd2 axb3 20.axb3 Ra3 21.Bb4 Ra6 22.g4 Nh4 23.Nxh4 gxh4
24.Be7 h5 25.Nf6 hxg4 26.hxg4 Ra5 27.Re1 Bc5 28.Bxc5 Rxc5 29.Ra1  1-0

[Event "Thessaloniki ol (Men)"]
[Site "Thessaloniki"]
[Date "1988.??.??"]
[Round "14"]
[White "Benjamin, Joel"]
[Black "Sax, Gyula"]
[Result "1/2-1/2"]
[WhiteElo "2560"]
[BlackElo "2600"]

1.d4 Nf6 2.Nf3 e6 3.g3 b5 4.Bg2 Bb7 5.Bg5 c5 6.c3 cxd4 7.cxd4 Qa5+ 8.Nbd2 Ne4
9.O-O Nxg5 10.Nxg5 Bxg2 11.Kxg2 Be7 12.Nb3 Qb6 13.Ne4 d5 14.Nec5 O-O 15.e3 a5
16.Rc1 a4 17.Nd2 Rd8 18.Qc2 Ra7 19.Nd3 Bd6 20.Qb1 Nc6 21.Rc2 Rc7 22.Rfc1 Rdc8
23.Nf3 f6 24.Nf4 Bxf4 25.gxf4 Na5 26.b3 axb3 27.axb3 Nb7 28.f5 exf5 29.Rxc7 Rxc7
30.Rxc7 Qxc7 31.Qxf5 Qc6 32.Ne1 g6 33.Qf4 Kg7 34.Nd3 Qc2 35.Qb8 Na5 36.Qxb5 Nxb3
37.Qd7+ Kh6 38.Qh3+ Kg7 39.Nf4 Qe4+ 40.Kg3 f5 41.Qg2 g5 42.Qxe4 dxe4 43.Nd5  1/2-1/2

[Event "USA-ch"]
[Site "?"]
[Date "1988.??.??"]
[Round "?"]
[White "Gulko, Boris F"]
[Black "Benjamin, Joel"]
[Result "1/2-1/2"]
[WhiteElo "2590"]
[BlackElo "2560"]

1.d4 Nf6 2.Nf3 e6 3.c4 Bb4+ 4.Bd2 Qe7 5.g3 Nc6 6.Nc3 Bxc3 7.Bxc3 Ne4 8.Rc1 O-O
9.d5 Qc5 10.e3 Nb4 11.Qb3 Nxc3 12.Rxc3 a5 13.a3 Na6 14.Bg2 Qe7 15.Qc2 d6
16.O-O e5 17.Nd2 Bf5 18.Ne4  1/2-1/2

[Event "USA-ch"]
[Site "?"]
[Date "1988.??.??"]
[Round "?"]
[White "Frias, Victor J"]
[Black "Benjamin, Joel"]
[Result "1/2-1/2"]
[WhiteElo "2510"]
[BlackElo "2560"]

1.Nf3 c5 2.g3 b6 3.Bg2 Bb7 4.O-O g6 5.c4 Bg7 6.Nc3 Nf6 7.d3 O-O 8.e4 d6 9.Rb1 Nc6
10.a3 Ne8 11.Bd2 Nc7 12.b4 Ne6 13.Ne2 Ned4 14.Nexd4 Nxd4 15.Nxd4 Bxd4 16.Bh6 Re8
17.Kh1 e6 18.Qd2 f5 19.exf5 Bxg2+ 20.Kxg2 exf5 21.Rfe1 Qd7 22.Rxe8+ Rxe8
23.Re1 Kf7 24.b5 Qb7+ 25.f3 Rxe1 26.Qxe1 Bf6 27.Bf4 g5 28.Be3 a6 29.a4 axb5
30.axb5 Qa8 31.Qd2 g4 32.Qe2 Be5 33.h3 h5 34.hxg4 hxg4 35.Bf2 Kg6  1/2-1/2

[Event "USA-ch"]
[Site "?"]
[Date "1988.??.??"]
[Round "?"]
[White "De Firmian, Nick E"]
[Black "Benjamin, Joel"]
[Result "1-0"]
[WhiteElo "2560"]
[BlackElo "2560"]

1.e4 e5 2.Nf3 Nc6 3.Bb5 a6 4.Ba4 Nf6 5.O-O Be7 6.Re1 b5 7.Bb3 d6 8.c3 O-O
9.h3 Nd7 10.d4 Bf6 11.a4 Bb7 12.Na3 Qb8 13.Bg5 exd4 14.Bxf6 Nxf6 15.cxd4 Nb4
16.Nc2 bxa4 17.Rxa4 Nxc2 18.Bxc2 Re8 19.e5 Bxf3 20.Qxf3 dxe5 21.dxe5 Qxb2
22.Re2 Qb5 23.Ra1 Nd7 24.Ba4 Qa5 25.e6 fxe6 26.Ree1 Qd5 27.Qxd5 exd5 28.Rxe8+ Rxe8
29.Bxd7 Rd8 30.Bc6 Rd6 31.Rxa6  1-0

[Event "USA-ch"]
[Site "?"]
[Date "1988.??.??"]
[Round "?"]
[White "Benjamin, Joel"]
[Black "Miles, Anthony J"]
[Result "1-0"]
[WhiteElo "2560"]
[BlackElo "2500"]

1.e4 c6 2.d4 d5 3.exd5 cxd5 4.c4 Nf6 5.Nc3 e6 6.Nf3 Bb4 7.cxd5 Nxd5 8.Qc2 Nc6
9.Be2 O-O 10.O-O Be7 11.Rd1 Qd6 12.Bg5 Nxc3 13.bxc3 b6 14.Qe4 Bb7 15.Bd3 g6
16.Qh4 Rfe8 17.Re1 Rac8 18.Re3 Nd8 19.Bb5 Bc6 20.Ba6 Ra8 21.Ne5 Qd5 22.Bf1 Bxg5
23.Qxg5 Rc8 24.Bc4 Qa5 25.Rh3 Rc7 26.Qh4 h5 27.g4 Kg7 28.gxh5 Rh8 29.Qg5 Bb7
30.Rg3 Rh6 31.Qxd8 Rxc4 32.Nxc4 Qxh5 33.h3 Qe2 34.Qc7 Qe4 35.Qe5+ Qxe5 36.Nxe5 Rh4
37.a4 Re4 38.Re3 Rf4 39.a5  1-0

[Event "USA-ch"]
[Site "?"]
[Date "1988.??.??"]
[Round "?"]
[White "Benjamin, Joel"]
[Black "Kudrin, Sergey"]
[Result "0-1"]
[WhiteElo "2560"]
[BlackElo "2545"]

1.e4 c5 2.Nf3 d6 3.d4 cxd4 4.Nxd4 Nf6 5.Nc3 g6 6.g3 Bg7 7.Bg2 O-O 8.h3 Nc6
9.Nde2 Rb8 10.a4 b6 11.O-O Bb7 12.Re1 a6 13.Bg5 Ne5 14.b3 Re8 15.Qd2 Ned7
16.Rad1 Ba8 17.Bh6 Bh8 18.g4 b5 19.axb5 axb5 20.Ng3 b4 21.Nce2 Nc5 22.f3 Qc7
23.Be3 Rec8 24.Rc1 Ne8 25.Bf2 Qa5 26.Nf1 Qa2 27.g5 Nc7 28.h4 Nb5 29.Bh3 e6
30.Qd1 d5 31.Ne3 dxe4 32.Ng4 Bg7 33.Ng3 exf3 34.Re3 Nc3 35.Qf1 N3e4 36.Nxe4 Nxe4
37.Qd3 Rd8 38.Qc4 Nxf2 39.Nxf2 Qa7 40.Rd3 Rxd3  0-1

[Event "USA-ch"]
[Site "?"]
[Date "1988.??.??"]
[Round "?"]
[White "Benjamin, Joel"]
[Black "Fedorowicz, John P"]
[Result "1/2-1/2"]
[WhiteElo "2560"]
[BlackElo "2520"]

1.c3 e5 2.d3 d5 3.Qc2 Nc6 4.Nf3 f5 5.Qa4 Bd6 6.e4 Nf6 7.Bg5 fxe4 8.dxe4 dxe4
9.Nfd2 Bf5 10.Bb5 O-O 11.O-O Nd4 12.cxd4 exd4 13.Qb3+  1/2-1/2

[Event "USA-ch"]
[Site "?"]
[Date "1988.??.??"]
[Round "?"]
[White "Benjamin, Joel"]
[Black "Alburt, Lev O"]
[Result "1-0"]
[WhiteElo "2560"]
[BlackElo "2525"]

1.d4 Nf6 2.c4 c5 3.d5 b5 4.cxb5 a6 5.e3 axb5 6.Bxb5 Qa5+ 7.Nc3 Bb7 8.Ne2 Nxd5
9.O-O Nf6 10.Qd3 e6 11.e4 Nc6 12.Rd1 Rd8 13.Qg3 Be7 14.Bg5 O-O 15.e5 Nh5
16.Qh4 Bxg5 17.Qxg5 g6 18.Rd3 Qc7 19.Rh3 f6 20.exf6 Nxf6 21.Qxc5 Ng4 22.Bxc6 Bxc6
23.Rf1 Rf5 24.Qd4 h5 25.Rg3 Kh7 26.h3 Nf6 27.Qe3 e5 28.Rg5 Rxg5 29.Qxg5 Rf8
30.Nc1 Kg7 31.Nd3 d6 32.Rd1 Qb7 33.f3 Re8 34.Kh2 Qb8 35.Re1 Nh7 36.Qe3 Nf6
37.a3 Ba8 38.Re2 Re7 39.Kh1 Qb3 40.Qg5 Qc4 41.Nf2 Rf7 42.Qd2 Rd7 43.Nfe4 Ne8
44.Qg5 Qf7 45.Rd2 Kh7 46.b4 Qc4 47.Kh2 Bc6 48.Qe3 Kg8 49.Qh6 Rg7 50.Qe3 d5
51.Qc5 Qxc5 52.Nxc5 d4 53.Nd1 Nd6 54.Nb2 Ra7 55.a4 Kf7 56.Nbd3 Kf6 57.b5 Nc4
58.Rc2 Bd5 59.Nb4 Nb6 60.Nca6 d3 61.Nxd3 Nxa4 62.Nc7 Nb6 63.Rc5 Bf7 64.Rc6+ Kf5
65.g4+ Kg5 66.Nxe5 Bd5 67.Rxb6 Rxc7 68.Kg3 h4+ 69.Kf2 Rc3 70.Rd6 Bc4 71.b6 Rc2+
72.Ke3 Re2+ 73.Kd4 Ba6 74.Nxg6  1-0

[Event "USA-ch"]
[Site "?"]
[Date "1988.??.??"]
[Round "?"]
[White "Benjamin, Joel"]
[Black "Rohde, Michael A"]
[Result "1-0"]
[WhiteElo "2560"]
[BlackElo "2565"]

1.e4 c5 2.Nf3 d6 3.d4 cxd4 4.Nxd4 Nf6 5.Nc3 e6 6.g4 Nc6 7.g5 Nd7 8.Be3 Be7
9.h4 a6 10.Qe2 Nxd4 11.Bxd4 O-O 12.O-O-O b5 13.f4 b4 14.Nb1 e5 15.fxe5 dxe5
16.Bf2 Qc7 17.Nd2 Nc5 18.Bh3 a5 19.Bxc8 Rfxc8 20.Bxc5 Qxc5 21.Nb3 Qc7 22.Kb1 a4
23.Nc1 a3 24.b3 Ra6 25.Rh3 Rc6 26.c4 bxc3 27.Kc2 Bc5 28.Rd5 Bd4 29.Qg4 Rd8
30.Ne2 Rcd6 31.Rxd6 Rxd6 32.Rd3 g6 33.Qf3 Qd8 34.Qh3 Kg7 35.Qf3 f6 36.Qg3 Qe7
37.gxf6+ Qxf6 38.Rf3 Qe7 39.Qg5 Qe6 40.h5 Bb6 41.Nxc3 h6 42.Qg3 g5 43.Nd5 Bd4
44.Rf1 Qc8+ 45.Kb1 Rd8 46.Qf3 Qe6 47.Nc7 Qc6 48.Qf5 Rg8 49.Ne6+ Kh8 50.Qf6+ Kh7
51.Nxg5+  1-0

[Event "Cannes op"]
[Site "Cannes"]
[Date "1989.??.??"]
[Round "?"]
[White "Benjamin, Joel"]
[Black "Levacic, Damir"]
[Result "1-0"]
[WhiteElo "2545"]
[BlackElo "2285"]

1.e4 e6 2.d4 d5 3.e5 c5 4.c3 Nc6 5.Nf3 Bd7 6.a3 Rc8 7.b4 cxd4 8.cxd4 Qb6
9.Be3 Nce7 10.Bd3 Bb5 11.O-O Nf5 12.Ra2 Nge7 13.Rc2 Bc4 14.Bg5 Qa6 15.Bxc4 dxc4
16.Bxe7 Nxe7 17.Ng5 h6 18.Qh5 Ng6 19.Nxf7 Kxf7 20.Rc3 Be7 21.Rg3 Bg5 22.Rf3+ Bf6
23.Nc3 Qc6 24.Rg3 Bg5 25.f4 Qe8 26.fxg5+ Ke7 27.Ne4 c3 28.Nd6 Nf4 29.Nxc8+ Qxc8
30.Rxf4 c2 31.Qf7+ Kd8 32.Qf8+  1-0

[Event "New York exh"]
[Site "New York"]
[Date "1989.??.??"]
[Round "1"]
[White "Wolff, Patrick G"]
[Black "Benjamin, Joel"]
[Result "1/2-1/2"]
[WhiteElo "2485"]
[BlackElo "2545"]

1.e4 c5 2.Nf3 d6 3.d4 cxd4 4.Nxd4 Nf6 5.Nc3 a6 6.Be3 e5 7.Nf3 Be7 8.Bc4 O-O
9.h3 Nc6 10.O-O Na5 11.Bb3 Be6 12.Qd3 Rc8 13.Rad1 h6 14.Rfe1 b5 15.Nh4 Nxb3
16.axb3 Qc7 17.Rd2 Rfd8 18.Red1 Qb7 19.Nf3 b4 20.Na4 Nxe4 21.Re2 Nc5 22.Qd2 Nxa4
23.bxa4 Bf5 24.Ne1 d5 25.Bxh6 gxh6 26.Rxe5  1/2-1/2

[Event "New York op"]
[Site "New York"]
[Date "1989.??.??"]
[Round "2"]
[White "Benjamin, Joel"]
[Black "Fishbein, Alexander"]
[Result "1-0"]
[WhiteElo "2545"]
[BlackElo "2490"]

1.d4 f5 2.g3 Nf6 3.Bg2 g6 4.c4 Bg7 5.Nc3 O-O 6.Nh3 d6 7.d5 c6 8.Nf4 Bd7 9.O-O Na6
10.Rb1 Kh8 11.b3 Qe8 12.Bb2 g5 13.Nd3 Qh5 14.e3 Qh6 15.Ne2 Rac8 16.Bxf6 Bxf6
17.f4 g4 18.Nd4 Qg7 19.Nf2 Kg8 20.b4 c5 21.Ne6 Bxe6 22.dxe6 Nxb4 23.a3 Nc6
24.Rxb7 Na5 25.Rxa7 Nxc4 26.Qd3 d5 27.Bxd5 Nd6 28.Bc4 Ra8 29.Rxa8 Rxa8 30.Rb1 Kh8
31.Rb6 Qf8 32.Rxd6 exd6 33.Qxf5 Rxa3 34.Bd3 Qe7 35.Nxg4 Bc3 36.Nh6 Ra1+ 37.Kg2 Qg7
38.Nf7+ Kg8 39.e7 Ra8 40.Qd5  1-0

[Event "New York exh"]
[Site "New York"]
[Date "1989.??.??"]
[Round "2"]
[White "Benjamin, Joel"]
[Black "Wolff, Patrick G"]
[Result "0-1"]
[WhiteElo "2545"]
[BlackElo "2485"]

1.c4 e5 2.Nc3 Nf6 3.Nf3 Nc6 4.e3 Be7 5.d4 exd4 6.Nxd4 d5 7.cxd5 Nxd5 8.Bc4 Nxc3
9.bxc3 O-O 10.Nxc6 bxc6 11.Bd3 Qd5 12.Qc2 Qxg2 13.Bxh7+ Kh8 14.Be4 Bf5 15.Bxf5 Qxh1+
16.Ke2 Rab8 17.Be4 Qg1 18.Bf3 Bh4 19.Kd3 Rfd8+ 20.Kc4 Be7  0-1

[Event "New York op"]
[Site "New York"]
[Date "1989.??.??"]
[Round "5"]
[White "Torre, Eugenio"]
[Black "Benjamin, Joel"]
[Result "1/2-1/2"]
[WhiteElo "2565"]
[BlackElo "2545"]

1.e4 c5 2.Nf3 Nc6 3.d4 cxd4 4.Nxd4 Nf6 5.Nc3 d6 6.Be2 e5 7.Nf3 h6 8.O-O Be7
9.Re1 Be6 10.Bf1 Bg4 11.h3 Bh5 12.Be2 Bg6 13.Bc4 Rc8 14.Nh2 Nd4  1/2-1/2

[Event "New York op"]
[Site "New York"]
[Date "1989.??.??"]
[Round "8"]
[White "Benjamin, Joel"]
[Black "Gufeld, Eduard"]
[Result "0-1"]
[WhiteElo "2545"]
[BlackElo "2490"]

1.e4 c5 2.Nf3 d6 3.d4 cxd4 4.Nxd4 Nf6 5.Nc3 g6 6.Bc4 Bg7 7.h3 O-O 8.Nf3 Nbd7
9.O-O a6 10.a4 b6 11.Qe2 Bb7 12.Bf4 Qc7 13.Rfe1 e6 14.Rad1 Ne5 15.Bb3 Nfd7
16.Nd2 Nc5 17.Be3 Rad8 18.Bg5 Rd7 19.Qe3 d5 20.exd5 exd5 21.Qg3 Ne6 22.h4 Nxg5
23.hxg5 Rfd8 24.Nf1 Kf8 25.Qh4 Nc4 26.Bxc4 Qxc4 27.Qxh7 Qg4 28.Rd3 Qxg5 29.Rh3 d4
30.Ne4 Qe5 31.Nfd2 d3 32.Nf3 Qxb2 33.cxd3 Rxd3 34.Neg5 Rd1 35.Rxd1 Rxd1+
36.Kh2 Qxf2 37.Nxf7 Bxf3 38.Rxf3 Qg1+ 39.Kg3 Qe1+ 40.Kg4 Rd4+ 41.Kg5 Qe7+
42.Kxg6 Qe6+ 43.Kg5 Qg4+  0-1